000 00750nam a2200265 i 4500
001 bg
100 1 _aSOKÓŁ, Maria
245 1 0 _aWindows XP PL /
_cMaria Sokół.
260 _aGliwice :
_b"Helion",
_ccop. 2003.
300 _a351, [1] s. :
_bfot., rys., tab. ;
_c24 cm + +
_eCD-ROM.
490 1 _aKurs
500 _aNa s. tyt. i okł.: napisana by pomóc ci w samodzielnej nauce.
504 _aIndeks.
650 9 _aWindows XP
655 _aPodręczniki
830 _aKurs
020 _a8373613110
040 _cBPK
041 0 _apol
080 _a004.451(07)
920 _a83-7361-311-0
942 _cKS
008 s pl f |000 0 pol
999 _c43760
_d43760
856 _uhttp://koha.tu.koszalin.pl/cgi-bin/koha/opac-detail.pl?biblionumber=43760
_yKatalog online BPK